000
002230000a22000970004500
100
1
_a
Myers, Bryant
245
1
0
_a
Women and mission
300
_a
Núm 71 (1995), Páginas 12-14
773
0
_t
World Evangelization
942
_c
ANA
999
_c
57563
_d
57563